• 首页
  • 本馆介绍
  • 公告通知
  • 最新文献
  • 馆藏检索
  • 电子资源
  • 读者导购
  • 参考咨询
  • 我的图书馆
  • 登录
  • 详细信息显示
  • 放入我的书架
  • 预约/预借图书
  • 作者相关作品
  • 分类相关作品
  • 丛书相关作品
  • 出版社相关作品

书目信息

  • 表格格式
  • 工作单格式
  • 卡片格式
题名:
秋雨歌诗
    
 
作者: 姜越 主编
分册:  
出版信息: 北京   中国书店  2020
页数: 234页
开本: 24cm
丛书名:
单 册:
中图分类: K247.09
科图分类:
主题词: 中国历史--宋元时期--通俗读物
电子资源:
ISBN: 978-7-5149-2387-2
000 01298nam0 2200253 450
001 2251889842
005 20220922142541.11
010    @a978-7-5149-2387-2@dCNY58.00
100    @a20201224d2020 em y0chiy50 ea
101 0  @achi
102    @aCN@b110000
105    @aa z 000yy
200 1  @a秋雨歌诗@9qiu yu ge shi@e宋元文明一本通@f姜越主编
210    @a北京@c中国书店@d2020
215    @a234页@c图,照片@d24cm
300    @a中华文明一本通系列
314    @a姜越,女,笔名西江月、水墨清浅,江苏省沭阳县人。2002年毕业于中国人民解放军理工大学通信工程学院。自幼酷爱文学,大学毕业后长期从事文化事业工作。曾成功策划出版了“青春有约”系列、“青少年心灵绿茶”系列、“青春少年样样红”系列、“青少年读史尝鲜”系列、“心灵医生”系列、“红颜才女”系列图书,著有《找对婆家嫁对郎》《正儿八经地生活》《顺势者昌》等作品。现供职于北京图强文化出版有限公司并任总经理。
330    @a本书解读了宋元历史文明,内容共分九章,包括:飞速发展——宋元的农田水利文明;罗盘导航——宋元航海发明与航运技术;书院遗香——宋元时期的学校教育;印刷时代——宋元印刷文明的发展等。
517 1  @a宋元文明一本通@9song yuan wen ming yi ben tong
606 0  @a中国历史@z宋元时期@j通俗读物
690    @aK247.09@v5
701  0 @a姜越@9jiang yue@9jiang yue姜越@c(女)@4主编
801  0 @aCN@b91MARC@c20201225
905    @aZUCC@dK247.09@e10
    
    秋雨歌诗:宋元文明一本通/姜越主编.-北京:中国书店,2020
    234页:图,照片;24cm
    中华文明一本通系列
    
    ISBN 978-7-5149-2387-2:CNY58.00
    本书解读了宋元历史文明,内容共分九章,包括:飞速发展——宋元的农田水利文明;罗盘导航——宋元航海发明与航运技术;书院遗香——宋元时期的学校教育;印刷时代——宋元印刷文明的发展等。
●
相关链接 在五车中查询图书 在当当中查询图书 在豆瓣中查询图书


正题名:秋雨歌诗     索取号:K247.09/10         预约/预借

序号 登录号 条形码 馆藏地/架位号 状态 备注
1 2000902111   2000902111   第三书库/ [索取号:K247.09/10] 在馆    
2 2000902112   2000902112   第三书库/ [索取号:K247.09/10] 在馆    
3 2000902113   2000902113   第三书库/ [索取号:K247.09/10] 在馆    
山东省滨州职业学院图书馆 欢迎您!
大连网信软件有限公司© 版权所有